Rock Bands Word Ladder - Statistics

General Stats
  • This quiz has been taken 100 times
  • The average score is 28 of 40
Answer Stats
Hint Answer % Correct
🎵 A touch or press of the lips. Kiss
98%
Animal with gills and fins. Fish
93%
A clenched hand. Fist
92%
Fine spray or light fog. Mist
90%
To feel the absence of. Miss
86%
A shallow container for food. Dish
83%
The darker stage of twilight. Dusk
79%
Corrosion of metal due to moisture. Rust
79%
A color resembling the sky. Blue
78%
🎵 Move quickly or hurriedly. Rush
77%
A storage device for data. Disk
76%
Without cost or payment. Free
76%
Fine particles of dirt or debris. Dust
75%
A sticky substance for bonding. Glue
75%
🎵 Dorothy's dog Toto
73%
A dense plant with branches. Bush
72%
To run away from danger. Flee
72%
A liquid food, typically hot. Soup
71%
🎵 A smudge or unclear image. Blur
70%
To break or explode. Bust
67%
Ripped or damaged. Torn
67%
Spanish for "bull". Toro
66%
Highest quality or excellence. Best
65%
To worry or be anxious. Fret
65%
American TV Show Glee
65%
A substance for cleaning. Soap
65%
To perceive through touch or emotions. Feel
64%
A chair, stool, or bench Seat
63%
A derogatory term targeting a group of people Slur
63%
To strike repeatedly or win. Beat
61%
Having an acidic taste. Sour
61%
A unit of measurement. Feet
60%
A small toy figure. Doll
59%
American technology company Dell
55%
To exchange or trade. Swap
54%
A military-like unit within the US police force Swat
54%
To cut or knock down Fell
53%
A fee for use. Toll
53%
🎵 An instrument for work. Tool
52%
A cartoon or animated character. Toon
52%
No matching quizzes found
Score Distribution
Percent of People with Each Score
Percentile by Number Answered
Your Score History
You have not taken this quiz